Quiz Afrique - Statistiques

Statistiques générales
  • Ce quiz a été pris 648 fois
  • Le résultat moyen est 9 sur 16
Statistiques - réponses
Hint Choses africains % Correct
Le plus grand désert Sahara
90%
La plus longue fleuve Nil
88%
La plus haute montagne Kilimandjaro
81%
Le plus grand pays (en taille) Algerie
79%
La plus grande île Madagascar
69%
Langue la plus parlée Arabe
68%
Le plus grand pays (en population) Nigeria
66%
Pays le plus oriental Somalie
66%
Pays le plus occidental Cap-Vert
64%
Pays continental le plus occidental Senegal
56%
La plus grande ville (dans les limites de la ville) Le Caire
52%
Plus grande ville (+ zone métropolitaine) Lagos
38%
Plus petit pays (taille) Seychelles
36%
Plus petit pays (population) Seychelles
17%
Pays le plus heureux Maurice
11%
Pays le plus paisible Maurice
10%
Aucun quiz correspondant
Distribution des résultats
% des personnes avec chaque résultat
Percentile par nombre de réponses
Votre historique - résultats
Vous n’avez pas pris ce quiz